00644nam a2200205Ia 450000500170000000800410001704000190005804100120007708200180008924500420010726000580014930000240020750400260023165000200025770000230027785000100030094200070031099900160031795201050033320240215100949.0131103s9999 xx 000 0 und d aLoreto College aEnglish a370.951 bMAU aEducation in China, cPeter Mauger  a[s.l.]bAnglo - Chinese Educational Institutionc1974 a81 p.b ill.,tables aIncludes bibliography aEducation,China aMauger,Peter,auth. aLCLIB cBK c3929d54408 00102ddc4070aMAINbMAINd2013-11-04l0o370.951 MAU 25957pB3796r2013-11-04w2013-11-04yBKf